Financial management for Public Services / (Record no. 3306)

MARC details
000 -LEADER
fixed length control field 00609nam a22002057a 4500
003 - CONTROL NUMBER IDENTIFIER
control field OSt
005 - DATE AND TIME OF LATEST TRANSACTION
control field 20240724112332.0
008 - FIXED-LENGTH DATA ELEMENTS--GENERAL INFORMATION
fixed length control field 160323b xxu||||| |||| 00| 0 eng d
020 ## - INTERNATIONAL STANDARD BOOK NUMBER
International Standard Book Number 0335205305
040 ## - CATALOGING SOURCE
Transcribing agency DDC.
082 ## - DEWEY DECIMAL CLASSIFICATION NUMBER
Classification number 336.41FIN 1998.
100 ## - MAIN ENTRY--PERSONAL NAME
Personal name edited by Wilson,John;
9 (RLIN) 7413
245 ## - TITLE STATEMENT
Title Financial management for Public Services /
Statement of responsibility, etc. Edited by John Wilson
260 ## - PUBLICATION, DISTRIBUTION, ETC. (IMPRINT)
Name of publisher, distributor, etc. Open university Press.
Date of publication, distribution, etc. 1998.
Place of publication, distribution, etc. Buckingham
300 ## - PHYSICAL DESCRIPTION
Extent x,280p;
Other physical details ill;
Dimensions 22cm.
504 ## - BIBLIOGRAPHY, ETC. NOTE
Bibliography, etc includes index and references.
650 ## - SUBJECT ADDED ENTRY--TOPICAL TERM
Topical term or geographic name as entry element Financial management.
9 (RLIN) 5543
650 ## - SUBJECT ADDED ENTRY--TOPICAL TERM
Topical term or geographic name as entry element Public Service
9 (RLIN) 11519
942 ## - ADDED ENTRY ELEMENTS (KOHA)
Source of classification or shelving scheme Dewey Decimal Classification
Koha item type Short Loan
Holdings
Withdrawn status Lost status Source of classification or shelving scheme Damaged status Not for loan Home library Current library Date acquired Source of acquisition Inventory number Total Checkouts Full call number Barcode Date last seen Price effective from Koha item type
    Dewey Decimal Classification     MUST Main Library MUST Main Library 23/03/2016   03/18082   336.41FIN 1998. 2016-0506 23/03/2016 23/03/2016 Short Loan
    Dewey Decimal Classification     MUST Main Library MUST Main Library 24/07/2024 Donation 2003/18242   336.41FIN 1998. 2024-22191 24/07/2024 24/07/2024 Open Shelf